Gods, graves, and scholars : (Record no. 13260)
[ view plain ]
| 000 -LEADER | |
|---|---|
| fixed length control field | 01219cam a22003131i 4500 |
| 001 - CONTROL NUMBER | |
| control field | 2164420 |
| 003 - CONTROL NUMBER IDENTIFIER | |
| control field | EG-ScBUE |
| 005 - DATE AND TIME OF LATEST TRANSACTION | |
| control field | 20240321094728.0 |
| 008 - FIXED-LENGTH DATA ELEMENTS--GENERAL INFORMATION | |
| fixed length control field | 730208r19641951nyuabc f b 001 0 eng d |
| 040 ## - CATALOGING SOURCE | |
| Original cataloging agency | DLC |
| Language of cataloging | eng |
| Description conventions | rda |
| Transcribing agency | DLC |
| Modifying agency | DLC |
| -- | EG-ScBUE |
| 041 1# - LANGUAGE CODE | |
| Language code of text/sound track or separate title | eng |
| Language code of original and/or intermediate translations of text | ara |
| 082 04 - DEWEY DECIMAL CLASSIFICATION NUMBER | |
| Classification number | 930.1 |
| Edition number | 22 |
| Item number | CER |
| 100 1# - MAIN ENTRY--PERSONAL NAME | |
| Personal name | Ceram, C. W., |
| Dates associated with a name | 1915-1972, |
| Relator term | author. |
| 9 (RLIN) | 10888 |
| 245 10 - TITLE STATEMENT | |
| Title | Gods, graves, and scholars : |
| Remainder of title | the story of archaeology / |
| Statement of responsibility, etc | by C. W. Ceram ; translated from the German by E. B. Garside. |
| 250 ## - EDITION STATEMENT | |
| Edition statement | Twenty-first printing. |
| 264 #1 - PUBLICATION, DISTRIBUTION, ETC. (IMPRINT) | |
| Place of publication, distribution, etc | New York : |
| Name of publisher, distributor, etc | Alfred A. Knopf, |
| Date of publication, distribution, etc | 1964. |
| 300 ## - PHYSICAL DESCRIPTION | |
| Extent | xi, 426, xvi pages : |
| Other physical details | illustrations, maps, portraits ; |
| Dimensions | 22 cm |
| 336 ## - CONTENT TYPE | |
| Source | rdacontent |
| Content type term | text |
| Content type code | txt |
| 337 ## - MEDIA TYPE | |
| Media type term | unmediated |
| Source | rdamedia |
| Media type code | n |
| 338 ## - CARRIER TYPE | |
| Carrier type term | volume |
| Carrier type code | nc |
| Source | rdacarrier |
| 500 ## - GENERAL NOTE | |
| General note | Originally published: Hamburg-Stuttgart:Rowohlt Verlage GmbH., 1949, Gotter, Graber Und Gelehrte |
| 504 ## - BIBLIOGRAPHY, ETC. NOTE | |
| Bibliography, etc | Includes bibliographical references and index.<br/> |
| 546 ## - LANGUAGE NOTE | |
| Language note | Text in English ; translated from the original Arabic.<br/> |
| 650 #7 - SUBJECT ADDED ENTRY--TOPICAL TERM | |
| Topical term or geographic name as entry element | Archaeology |
| General subdivision | History. |
| Source of heading or term | BUEsh |
| 9 (RLIN) | 10889 |
| 655 ## - INDEX TERM--GENRE/FORM | |
| Form subdivision | Reading book |
| 700 1# - ADDED ENTRY--PERSONAL NAME | |
| 9 (RLIN) | 10887 |
| Personal name | Garside, E. B., |
| Relator term | translator. |
| 942 ## - ADDED ENTRY ELEMENTS (KOHA) | |
| Source of classification or shelving scheme | Dewey Decimal Classification |
| Koha item type | Book - Borrowing |
| Withdrawn status | Lost status | Source of classification or shelving scheme | Damaged status | Not for loan | Collection code | Home library | Current library | Shelving location | Date acquired | Source of acquisition | Total Checkouts | Full call number | Barcode | Date last seen | Price effective from | Koha item type |
|---|---|---|---|---|---|---|---|---|---|---|---|---|---|---|---|---|
| Dewey Decimal Classification | Donation-Gift | Central Library | Central Library | Second Floor | 03/02/2010 | Donation | 930.1 CER | 000019483 | 15/07/2025 | 03/02/2010 | Book - Borrowing |